000 004790000a22001930004500
001 002678
003 MACL
005 20150919155623.0
008 150919b xxu||||| |||| 00| 0 eng d
040 _aMACL
_cMACL
041 _aEnglish
082 _a890/SHA
100 _aDuggal, K.S.
_912125
245 _aSain Bulleh Shah The Mysic Muse
_cK.S. Duggal
260 _aDelhi
_c1996
_bAbhinav Publications,
350 _a350
650 _aLiterature
_912126
942 _k890
_cBK
_2ddc
999 _c14587
_d14587